000 00586nam a2200229Ia 4500
003 OSt
005 20221007064859.0
006 a|||||r|||| 00| 0
007 ta
008 221006b |||||||| |||| 00| 0 eng d
024 _a19,369
037 _cTextual
040 _aFLL
_cFLL
_beng
041 _2eng
_aeng
082 _aZ,91, M6
100 _aGupta V.K. Au.
245 0 _aKautilyan jurisprudence
260 _aDelhi
_bPearl offset press pvt. England
_c1986
300 _a356p
_ccm.
942 _hZ,91, M6
_cTEXL
_2CC
999 _c1135620
_d1135620